[Event "Catalunya-ch (Women) 73rd"]
[Site "Platja d'Aro"]
[Date "2015.04.03"]
[Round "1"]
[White "Martin Dinares, Sonia"]
[Black "Conchillo Puigmole, Laia"]
[Result "1-0"]
[WhiteElo "2077"]
[BlackElo "1696"]
[PlyCount "87"]
[EventDate "2015.04.03"]
[EventType "swiss"]
[EventRounds "5"]
[EventCountry "CAT"]
[SourceTitle "CBM 165 Extra"]
[Source "ChessBase"]
[SourceDate "2015.04.21"]
[SourceVersion "1"]
[SourceVersionDate "2015.04.21"]
[SourceQuality "1"]

1. c4 e5 2. Nc3 Bb4 3. g3 Nf6 4. Bg2 0-0 5. e3 c6 6. Nge2 Bxc3 7. Nxc3 d5 8. cxd5 cxd5 9. 0-0 Bf5 10. Qb3 Be6 11. Qxb7 Nbd7 12. b3 Nc5 13. Qb5 Qd6 14. Ba3 Rfc8 15. Na4 Nfd7 16. Nxc5 Nxc5 17. Rfc1 Qb6 18. Rxc5 Rxc5 19. Qxc5 Qxc5 20. Bxc5 a6 21. d4 Rc8 22. b4 e4 23. f3 f5 24. fxe4 fxe4 25. Bf1 Ra8 26. a4 a5 27. b5 Kf7 28. b6 Rb8 29. Ba6 Rd8 30. b7 Kg6 31. Ba7 Rf8 32. Rf1 Re8 33. Bb5 Rh8 34. b8Q Rxb8 35. Bxb8 Bh3 36. Be8+ Kg5 37. Rf7 Kg6 38. Rd7+ Kf5 39. Rxd5+ Kf6 40. Bd7 Bxd7 41. Rxd7 Ke6 42. Rxg7 Kd5 43. Rg5+ Kc4 44. d5 1-0